000 01809nam a2200313Ia 4500
999 _c55154
_d55154
001 22229
003 GE_BSU
005 20221228174901.0
008 181216s2014||||ge |||||||||||||| ||geo||
020 _aISBN: 9789941181887 ; 9789941181900
040 _cGE_BSU
041 _ageo
080 _a327(479.22.4)(09) ვ-14
100 _aვათეიშვილი, ჯუანშერ
_916617
245 _aსაქართველო და ევროპის ქვეყნები = Georgia and European Countries : XIII-XIX სს. ურთიერთობათა ისტორიის ნარკვევები 7 ტომად ტ. 2 /
_cჯუანშერ ვათეიშვილი ; სარედ. კოლ. : ნოდარ ასათიანი, ნინო ერისთავი და სხვ.
264 _aთბილისი :
_bილიას სახელმწ. უნ-ტი,
_c2014.
300 _a1067 გვ. ;
_c20 სმ.
500 _aპირთა საძ.გ. : 1043-1067
520 _aრეზიუმე ინგლისურ ენაზე
541 _h31ლ.50თ.
653 _aსაერთაშორისო ურთიერთობები
653 _aმსოფლიო პოლიტიკა
653 _aსაგარეო პოლიტიკა
653 _aსაქართველო და ევროპის ქვეყნები
653 _a Georgia and European Countries : XIII-XIX სს.
653 _a ურთიერთობათა ისტორიის ნარკვევები 7 ტომად ტ. 2
710 _aილიას სახელმწიფო უნივერსიტეტი
_916618
942 _cBK
_2udc